| 000 | 00419cam a22001097a 4500 | ||
|---|---|---|---|
| 008 | 180718b1976 xxu||||| |||| 00| 0 eng d | ||
| 082 | _aQ812x5442 M278 | ||
| 100 | _aMaharashtra. Commission of Inquiry on the Worli and Naigaum B.D.D. Chawls disturbances | ||
| 245 | _aReport of the Commission of Inquiry on the Worli and Naigaum B.D.D. Chawls disturbances, Bombay | ||
| 260 |
_aBombay _bThe author _c1976 |
||
| 300 | _a391+p. | ||
| 999 |
_c489604 _d489604 |
||